Vista normal
Vista MARC
Entrada Personal Name
Número de registros utilizados en: 1
001 - CONTROL NUMBER
- control field: 38582
003 - CONTROL NUMBER IDENTIFIER
- control field: OSt
005 - DATE AND TIME OF LATEST TRANSACTION
- control field: 20210720095502.0
008 - FIXED-LENGTH DATA ELEMENTS
- fixed length control field: 210720|| aca||aabn | a|a d
040 ## - CATALOGING SOURCE
- Original cataloging agency: OSt
- Transcribing agency: OSt
100 ## - HEADING--PERSONAL NAME
- Personal name: Manzano Mira, Daniel
670 ## - SOURCE DATA FOUND
- Source citation: Work cat.: (OSt)8067: Cuartas Mejía, Vicente, 16241 autor, Tasas de interés para la toma de decisiones de inversión / , 2011